000 00489nam a2200181Ia 4500
008 151018s9999 xx 000 0 und d
082 _bRBASDV22211
_a891.463
100 _aअनिल आठले
245 _aयशश्री
250 _b1
260 _bदिलीपराज
_c1986
300 _a182
600 _aअनिल आठले
630 _aयशश्री
700 _aअनिल आठले
730 _aयशश्री
942 _cBOOK
999 _c1021881
_d1021878